000 00666nam a2200253Ia 4500
003 OSt
005 20220924121238.0
006 a|||||r|||| 00| 0
007 ta
008 220923b |||||||| |||| 00| 0 ara d
020 _c3.8
024 _a257772
037 _cTextual
040 _aARTS
_cARTS
_bara
041 _2ara
_aara
082 _aO28wK, E3
100 _aAbdul Sayed Nasir Au.
_9184946
245 0 _aKitab-al-maghrib
260 _aHyderabad
_bDairat-al-ma'arif India
_c1913
300 _a322p.
_ccm.
650 _aARABIC LITERATURE
942 _hO28wK, E3
_cTEXL
_2CC
999 _c406575
_d406575